Euro féminin 2025 - Composition France vs Allemagne - Statistiques

Statistiques générales
  • Ce quiz a été pris 32 fois
  • Le résultat moyen est 8 sur 11
Statistiques - réponses
Joueuses % Correct
Sakina Karchaoui
100%
Marie Antoinette Katoto
96%
Selma Bacha
92%
Delphine Cascarino
88%
Kadidiatou Diani
80%
Grace Geyoro
76%
Pauline Peyraud-Magnin
72%
Elisa De Almeida
68%
Griedge Mbock
68%
Oriane Jean-François
56%
Maëlle Lakrar
52%
Aucun quiz correspondant
Distribution des résultats
% des personnes avec chaque résultat
Percentile par nombre de réponses
Votre historique - résultats
Vous n’avez pas pris ce quiz